Hyphen, Endash... or Emdash? - Statistics

General Stats
  • This quiz has been taken 10 times
    9 since last reset
  • The average score is 6 of 10
Answer Stats
Question Answer % Correct
Is the approximate length of the letter 'm' Emdash
100%
Used for creating compound words like "mother in law" Hyphen
100%
Used to create a pause in a sentence Emdash
67%
Used to make a range between dates or numbers Endash
67%
Showing that a prefix applies to multiple words of a noun, not just one of the words Endash
67%
On a standard QWERTY keyboard Hyphen
67%
Writing border names between places with multiple words Endash
33%
Used for subtraction Hyphen
33%
Used in numbers between twenty and one hundred that aren't a multiple of 10 Hyphen
33%
Used to link letters or numbers Multiple of the above
0%
No matching quizzes found
Score Distribution
Percent of People with Each Score
Percentile by Number Answered
Your Score History
You have not taken this quiz since the last reset